00475nam a22001697a 450000500170000001000130001702000210003003500430005103700130009408200130010710000140012024500430013426000330017727000540021030000290026465000120029320190914155038.0 aB-218717 c0.00a8189093916 aB-218710 B-218720, B-218712, B-218717 bBPPD/PUB a485bTHO aThomas, M aCommon error in English/cby M. Thomas aNew DelhibLotus pressc2007 a4263/3, Ansari road, DaryaganjbNew delhie110002 a251 pc23 cm (Pbk)bill. aENGLISH